00376cam a22000977a 4500008004000000082001800040100007600058245010400134260002900238300001100267180718b1981 xxu||||| |||| 00| 0 eng d aBA27x5462 H57 aHimachal Pradesh. Planning and Scheduled Castes Development Departments aSpecial component plan for scheduled castes, annual plan, 1981-82 and sixth five year plan, 1980-85 aShimlabThe authorc1981 a112+p.